ბათუმის შოთა რუსთაველის სახელმწიფო უნივერსიტეტის ბიბლიოთეკა

მეოცე საუკუნის ქართული ლიტერეტურის ისტორია (ბიბ.ჩანაწერი № 43135)

000 -LEADER
fixed length control field 00993nam a2200241Ia 4500
001 - CONTROL NUMBER
control field 9856
003 - CONTROL NUMBER IDENTIFIER
control field GE_BSU
008 - FIXED-LENGTH DATA ELEMENTS--GENERAL INFORMATION
fixed length control field 181216s||||||||xx |||||||||||||| ||und||
020 ## - INTERNATIONAL STANDARD BOOK NUMBER
International Standard Book Number 9789994061440
040 ## - CATALOGING SOURCE
Transcribing agency GE_BSU
080 ## - UNIVERSAL DECIMAL CLASSIFICATION NUMBER
Universal Decimal Classification number 821.353.1.09XX
100 ## - MAIN ENTRY--PERSONAL NAME
Personal name ნიკოლეიშვილი, ავთანდილ
245 ## - TITLE STATEMENT
Title მეოცე საუკუნის ქართული ლიტერეტურის ისტორია
245 ## - TITLE STATEMENT
Remainder of title პროპედევტიკული კურსი
245 ## - TITLE STATEMENT
Statement of responsibility, etc. რედ.ნესტან კუტივაძე;გია ხოფერია.
260 ## - PUBLICATION, DISTRIBUTION, ETC.
Place of publication, distribution, etc. თბილისი.
260 ## - PUBLICATION, DISTRIBUTION, ETC.
Name of publisher, distributor, etc. უნივერსალი.
260 ## - PUBLICATION, DISTRIBUTION, ETC.
Date of publication, distribution, etc. 2007
300 ## - PHYSICAL DESCRIPTION
Extent 180გვ;20სმ.
653 ## - INDEX TERM--UNCONTROLLED
Uncontrolled term მეოცე საუკუნის ქართული ლიტერეტურის ისტორია
653 ## - INDEX TERM--UNCONTROLLED
Uncontrolled term პროპედევტიკული კურსი
942 ## - ADDED ENTRY ELEMENTS (KOHA)
Koha item type წიგნი
ეგზემპლარები
Withdrawn status Lost status Damaged status Not for loan Date acquired Barcode Date last seen Price effective from Koha item type Public note
        2018-12-17 33246 2018-12-17 2018-12-17 წიგნი 10ლ
        2018-12-17 32862 2018-12-17 2018-12-17 წიგნი 8ლ